000
00283nam a22001097a 4500
008
170110b xxu||||| |||| 00| 0 eng d
020
_a
9781582555324
041
_a
eng
080
_2
2ND
_a
618.2
245
_a
BEST PRACTICES EVIDENCE-BASED NURSING PROCEDURES
_c
KLUWER, W
942
_2
udc
_c
BK
999
_c
2648
_d
2648